000 00460nam a2200193Ia 4500
005 20250423095251.0
008 250422s9999 xx 000 0 und d
020 _a9781292021034
050 _aQC 21.3 .W65/
100 _aWolfson, Richard
245 0 _aEssential university physics volume 1
250 _a2nd ed.
260 _aUnited States
260 _bPearson
260 _c2014
300 _a541 p
650 _aPhysics--Textbooks.
942 _cBK
999 _c29751
_d29751